| 000 | 00876nam a2200241 i 4500 | ||
|---|---|---|---|
| 001 | 169260 | ||
| 003 | ES-MaACL | ||
| 005 | 20230906214037.0 | ||
| 008 | 080826s2007 sp a |||| | spa d | ||
| 080 | _a78 Monteverdi, Claudio (083.824) | ||
| 080 | _a930.85(37/38)(0:7)(083.824) | ||
| 245 | 0 | 3 |
_aEl mundo clásico en la ópera de Monteverdi _b: exposición IV centenario de L'Orfeo, 1607-2007. |
| 260 |
_aMadrid : _bSubdirección General de Bibliotecas, _c2007. |
||
| 300 |
_aXXI, 299 p. : _bil. col. ; _c24 cm. |
||
| 504 | _aBibliografía. | ||
| 600 | 1 | 4 |
_aMonteverdi, Claudio- _vExposiciones. _9138344 |
| 650 | 4 |
_aCivilización clásica. _9139535 |
|
| 655 | 7 |
_2tgfbne _9193628 _aCatálogos de exposiciones |
|
| 710 | 1 |
_aEspaña. _bSubdirección General de Bibliotecas. _93991 |
|
| 852 |
_aES-MaACL _jL-29717 |
||
| 942 | _2udc | ||
| 999 |
_c169260 _d169260 |
||